000 00484nam a22001577u 4500
008 130405s2008 xxu||||| |||| 00| 0 spa d
020 _a9788484404927
041 _aspa
100 1 _aPrieto Ramiro, Rafael
_929668
245 0 0 _aCáritas Adviento y Navidad 2008-2009
_b:La espesura del amor de Dios
_cRafael Prieto Ramiro
260 _aMadrid:
_bCáritas española,
_c2008
300 _a254 p.
_c;21 cm.
650 0 4 _aLiturgia
_xNavidad y adviento
_918909
942 _cBK
001 83469
999 _c255958
_d255958